|
|
|
|
| LEADER |
00000cam a2200000 7i4500 |
| 001 |
0000005359 |
| 002 |
000005790 |
| 005 |
20000330.0 |
| 020 |
|
|
|a 1852510331
|
| 090 |
0 |
0 |
|a 658.4
|b MAR
|
| 100 |
1 |
|
|a Margerison, Charles
|
| 245 |
1 |
0 |
|a Team management :
|b practical new approaches
|c Charles Mergerison and Dick Mc Cann
|
| 260 |
|
|
|a London :
|b W.H.Allen & Co ,
|c 1990
|
| 300 |
|
|
|a 175p. ;
|c 22cm.
|
| 490 |
0 |
|
|a Mercury Business Guides
|
| 650 |
0 |
0 |
|a Special groups
|
| 650 |
0 |
0 |
|a Teams in the workplace
|
| 700 |
1 |
|
|a McCann, Dick
|
| 999 |
|
|
|a 032820
|b BUKU
|c PINJAMAN
|e PERPUSTAKAAN KOMUNITI PETALING JAYA
|
| 999 |
|
|
|a 032822
|b BUKU
|c PINJAMAN
|e PERPUSTAKAAN KOMUNITI PETALING JAYA
|